000 00299nam a22001337a 4500
008 170522b xxu||||| |||| 00| 0 eng d
020 _a717800741
041 _aeng
080 _a94
100 _a16
101 _aSHH
245 _aFUNDAMENTAL PROBLEMS OF MARXISM
_cPLEKHANOV,G.V
942 _2udc
_cBK
999 _c13660
_d13660